Green transformation (Record no. 756749)
[ view plain ]
| 000 -LEADER | |
|---|---|
| fixed length control field | 00322 a2200133 4500 |
| 020 ## - INTERNATIONAL STANDARD BOOK NUMBER | |
| ISBN | 9789383101276 |
| 084 ## - OTHER CLASSIFICATION NUMBER | |
| Source of Number | CC |
| Classification number | G:55-5270bE5 |
| 100 ## - MAIN ENTRY--AUTHOR NAME | |
| Personal name | SHUKLA ,O P |
| 245 ## - TITLE STATEMENT | |
| Title | Green transformation |
| 260 ## - PUBLICATION, DISTRIBUTION, ETC. (IMPRINT) | |
| Name of publisher | Agrotech press, |
| Year of publication | 2025, |
| Place of publication | New Delhi |
| 300 ## - PHYSICAL DESCRIPTION | |
| Number of Pages | 255p. |
| 942 ## - ADDED ENTRY ELEMENTS (KOHA) | |
| Koha item type | Book |
| Source of classification or shelving scheme | Colon Classification |
| Withdrawn status | Lost status | Source of classification or shelving scheme | Damaged status | Not for loan | Home Library | Current Location | Shelving location | Date acquired | Source of acquisition | Cost, normal purchase price | Full call number | Accession Number | Cost, replacement price | Price effective from | Koha item type |
|---|---|---|---|---|---|---|---|---|---|---|---|---|---|---|---|
| Colon Classification | Kerala University Library | Kerala University Library | General Stacks | 27/02/2026 | 2 | 1443.75 | G:55-5270bE5 R5 | 326504 | 1925.00 | 27/02/2026 | General |
